[Event "AUTO-OPEN-1019"]
[Site "http://www.queenalice.com/game.php?id=356233"]
[Date "2008.2.18"]
[Round "1"]
[White "BarnabyJockers"]
[Black "ag230108"]
[Result "1-0"]
[WhiteElo "1780"]
[BlackElo "1637"]

1. d4 d5 2. c4 Nf6 3. c5 c6 4. e3 Bf5 5. Nf3 e6 6. Nc3 Nbd7 7. Bd3 Ne4 8. Bxe4
dxe4 9. Nd2 Qh4 10. Nf1 Bg4 11. Qc2 Be7 12. Ng3 f5 13. h3 Bh5 14. Nxh5 Qxh5 15.
Qe2 Qxe2+ 16. Nxe2 Bg5 17. Ng3 g6 18. O-O O-O-O 19. Bd2 Kc7 20. b4 b6 21. a4 Rb8
22. cxb6+ Rxb6 23. Rfc1 1-0

[Event "AUTO-OPEN-1019"]
[Site "http://www.queenalice.com/game.php?id=356234"]
[Date "2008.2.18"]
[Round "1"]
[White "ag230108"]
[Black "BarnabyJockers"]
[Result "0-1"]
[WhiteElo "1626"]
[BlackElo "1790"]

1. d4 d5 2. Nf3 Nf6 3. Bf4 e6 4. e3 Bd6 5. Nc3 Bxf4 6. exf4 Nc6 7. Bb5 Bd7 8. a3
a6 9. Bxc6 Bxc6 10. h3 b5 11. Ne5 Bb7 12. O-O O-O 13. Qf3 c5 14. Rad1 c4 15. Kh2
h6 16. Ne2 Ne4 17. Nc3 Nxc3 18. Qxc3 a5 19. Rfe1 Qh4 20. g3 Qe7 21. Qf3 f6 22.
Ng6 Qd7 0-1

[Event "AUTO-OPEN-1019"]
[Site "http://www.queenalice.com/game.php?id=356247"]
[Date "2008.2.18"]
[Round "1"]
[White "ag230108"]
[Black "JCOELHO"]
[Result "0-1"]
[WhiteElo "1709"]
[BlackElo "1617"]

1. d4 d5 2. c4 Nf6 3. Nf3 Nc6 4. c5 Bf5 5. Nc3 g6 6. Bf4 e6 7. Ne5 Nb4 8. Qa4+
Nc6 9. Nxc6 Qd7 10. e3 bxc6 11. Be2 Bg4 12. O-O Bg7 13. h3 Bxe2 14. Nxe2 O-O 15.
Be5 Rfb8 16. Rab1 a5 17. Nf4 Rb4 18. Qc2 a4 19. a3 Rc4 20. Qe2 Ne4 0-1

[Event "AUTO-OPEN-1019"]
[Site "http://www.queenalice.com/game.php?id=356248"]
[Date "2008.2.18"]
[Round "1"]
[White "JCOELHO"]
[Black "ag230108"]
[Result "1-0"]
[WhiteElo "1595"]
[BlackElo "1739"]

1. e4 e5 2. Nf3 Nc6 3. Bb5 a6 4. Ba4 b5 5. Bb3 Bc5 6. O-O Nf6 7. Ng5 d5 8. exd5
Nxd5 9. Nc3 Qxg5 10. Bxd5 Bb7 11. d4 Qf6 12. dxc5 O-O-O 13. Ne4 Qf5 14. Bg5 f6
15. Bh4 Kb8 16. a4 bxa4 17. Rxa4 Ne7 18. Qa1 Nxd5 19. c6 Bc8 20. Re1 1-0

[Event "Challenge"]
[Site "http://www.queenalice.com/game.php?id=363947"]
[Date "2008.3.1"]
[Round "-"]
[White "prmntgen"]
[Black "ag230108"]
[Result "0-1"]
[WhiteElo "1587"]
[BlackElo "1847"]

1. d4 d5 2. c4 c6 3. e3 Nf6 4. Nc3 Bf5 5. cxd5 Nxd5 6. Nxd5 Qxd5 7. Nf3 e6 8. a3
Be7 9. Be2 O-O 10. Bd3 Rd8 11. Bxf5 Qxf5 12. Qb3 Rd7 13. Bd2 a5 14. Ne5 Rc7 15.
Qb6 Bd8 16. Qc5 Nd7 17. Nxd7 Rxd7 18. Qxf5 exf5 19. O-O Bb6 20. Bc3 a4 21. g3 g5
22. Rae1 Re8 23. Kg2 Re4 24. Kf3 f6 25. Kg2 g4 26. h3 h5 0-1

[Event "AUTO-INT-816"]
[Site "http://www.queenalice.com/game.php?id=364173"]
[Date "2008.3.2"]
[Round "1"]
[White "Harama"]
[Black "ag230108"]
[Result "0-1"]
[WhiteElo "1579"]
[BlackElo "1542"]

1. e4 e5 2. Nf3 Nc6 3. d4 d6 4. dxe5 dxe5 5. Qxd8+ Kxd8 6. Be3 Bg4 7. Nbd2 Bb4
8. c3 Bd6 9. Ng5 Nh6 10. Bc4 Ke7 11. h3 f6 12. hxg4 fxg5 13. Bxg5+ Ke8 14. Bxh6
gxh6 15. Rxh6 Rd8 16. Rd1 Rd7 17. Nf3 Na5 18. Bb5 c6 19. Be2 Rg8 20. Rhxd6 Rxd6
0-1

[Event "AUTO-INT-816"]
[Site "http://www.queenalice.com/game.php?id=364174"]
[Date "2008.3.2"]
[Round "1"]
[White "ag230108"]
[Black "Harama"]
[Result "1-0"]
[WhiteElo "1559"]
[BlackElo "1562"]

1. d4 d5 2. Nf3 Nf6 3. Nc3 Bf5 4. e3 e6 5. h3 Bd6 6. Bd3 c6 7. O-O O-O 8. Re1
Ne4 9. Nxe4 dxe4 10. Be2 exf3 11. Bxf3 e5 12. c3 e4 13. Bg4 Bxg4 14. Qxg4 f5 15.
Qh5 Nd7 16. f4 exf3 17. Qxf3 Qh4 18. Bd2 Nf6 19. Rf1 Ne4 20. Be1 Qh6 21. Qe2 Bc7
22. Rf3 1-0

[Event "AUTO-INT-816"]
[Site "http://www.queenalice.com/game.php?id=364191"]
[Date "2008.3.2"]
[Round "1"]
[White "ag230108"]
[Black "TheArgies"]
[Result "1-0"]
[WhiteElo "1801"]
[BlackElo "1503"]

1. d4 f5 2. f4 Nc6 3. Nf3 Nf6 4. Nc3 b6 5. e3 d5 6. Bb5 Bd7 7. a3 Na5 8. Qe2 c6
9. Ba6 b5 10. O-O g6 11. Ng5 Nc4 12. b3 Nd6 13. a4 b4 14. Na2 Ng4 15. Nxb4 Qb6
16. Bd2 Ne4 17. Nxe4 1-0

[Event "AUTO-INT-816"]
[Site "http://www.queenalice.com/game.php?id=364192"]
[Date "2008.3.2"]
[Round "1"]
[White "TheArgies"]
[Black "ag230108"]
[Result "0-1"]
[WhiteElo "1503"]
[BlackElo "1792"]

1. e4 e5 2. Nf3 Nc6 3. Bc4 Nf6 4. Nc3 d6 5. h3 Qe7 6. Ng5 h6 7. Bxf7+ Kd8 8. Nd5
Nxd5 9. d3 hxg5 10. Bxd5 Bd7 11. c4 Nd4 12. Bxb7 Rb8 13. Bd5 c6 14. Qa4 cxd5 15.
Qxa7 Rc8 16. Qb6+ Rc7 17. cxd5 Nc2+ 18. Kd2 Nxa1 19. Qb8+ Bc8 0-1

[Event "AUTO-INT-816"]
[Site "http://www.queenalice.com/game.php?id=364193"]
[Date "2008.3.2"]
[Round "1"]
[White "ag230108"]
[Black "zemaria"]
[Result "0-1"]
[WhiteElo "1567"]
[BlackElo "1648"]

1. d4 d5 2. Nf3 Bd7 3. Nc3 c6 4. Bf4 Bf5 5. e3 Bg4 6. Be2 h6 7. h3 Bf5 8. O-O e6
9. Bd3 Ne7 10. Ne5 f6 11. Nf3 Nd7 0-1

[Event "AUTO-INT-816"]
[Site "http://www.queenalice.com/game.php?id=364194"]
[Date "2008.3.2"]
[Round "1"]
[White "zemaria"]
[Black "ag230108"]
[Result "1-0"]
[WhiteElo "1664"]
[BlackElo "1554"]

1. e4 e5 2. d4 exd4 3. Qxd4 Nc6 4. Qd1 d6 5. Bb5 a6 6. Bxc6+ bxc6 7. h3 Nf6 8.
Bg5 Be7 9. Bxf6 Bxf6 10. c3 O-O 11. Ne2 Rb8 12. Qc2 Re8 13. O-O Be5 14. Nd2 c5
15. Nc4 Bb7 16. Nd2 1-0

[Event "Challenge"]
[Site "http://www.queenalice.com/game.php?id=374694"]
[Date "2008.3.21"]
[Round "-"]
[White "ag230108"]
[Black "SGF"]
[Result "1-0"]
[WhiteElo "1812"]
[BlackElo "1656"]

1. e4 e5 2. Nf3 Qf6 3. Nc3 c6 4. d4 exd4 5. Nxd4 Bc5 6. Be3 Ne7 7. Be2 d5 8. Qd3
O-O 9. O-O-O Bxd4 10. Bxd4 Qg5+ 11. Kb1 Qxg2 12. Rdg1 dxe4 13. Nxe4 Qh3 14.
Rxg7+ Kh8 15. Rg3+ f6 16. Rxh3 Bxh3 17. Bxf6+ Kg8 18. Rg1+ Ng6 19. Qxh3 Na6 20.
Rxg6+ hxg6 21. Bc4+ Rf7 22. Qh8# 1-0

[Event "AUTO-ADV-843"]
[Site "http://www.queenalice.com/game.php?id=374918"]
[Date "2008.3.21"]
[Round "1"]
[White "ag230108"]
[Black "IuriPasini"]
[Result "0-1"]
[WhiteElo "1749"]
[BlackElo "1983"]

1. d4 d5 2. Nf3 Nf6 3. Bf4 e6 4. e3 Bd6 5. Ne5 O-O 6. Bg5 Nbd7 7. Bf4 c5 8. Be2
Qc7 9. O-O Nxe5 10. dxe5 Bxe5 0-1

[Event "AUTO-ADV-843"]
[Site "http://www.queenalice.com/game.php?id=374919"]
[Date "2008.3.21"]
[Round "1"]
[White "IuriPasini"]
[Black "ag230108"]
[Result "1-0"]
[WhiteElo "1976"]
[BlackElo "1761"]

1. e4 e5 2. Nf3 Nc6 3. Bb5 a6 4. Ba4 b5 5. Bb3 Bc5 6. O-O Nf6 7. d3 O-O 8. c3 d6
9. h3 a5 10. a4 Ba6 11. Bg5 h6 12. Bxf6 Qxf6 13. Bd5 Bb7 14. axb5 Nd8 15. Bxb7
Nxb7 16. d4 1-0